| 000 | 00450nam a2200169Ia 4500 | ||
|---|---|---|---|
| 008 | 121010t2005 xxu||||| |||| 00| 0 sin d | ||
| 041 | _asin | ||
| 080 |
_aX8S1 _bKAR |
||
| 100 | _aNirosha Karunarathna | ||
| 245 | _aසඳ මඬල වැලපෙයි | ||
| 246 | _aSanda Mandala Velapei | ||
| 260 |
_bS.Godage Samagama _aColombo 10 _c2005 |
||
| 300 | _b88p., 21 cm | ||
| 942 | _cBK | ||
| 999 |
_c76659 _d76659 |
||
| 003 | LK-CoDNM | ||
| 040 |
_aLK-CoDNM _dLK-CoDNM _eLK-CoDNM |
||